Ace in the Hole : The Supplements /
Збережено в:
| Інші автори: | , , , , , , , , , , , , , , |
|---|---|
| Формат: | |
| Мова: | Англійська |
| Опубліковано: |
Francia : Nueva York, EUA :
Action Films ; Criterion Collection,
1980-2007
|
| Редагування: | Edición especial |
| Серія: | (Criterion Collection ;
396/2) |
| Предмети: | |
| Теги: |
Немає тегів, Будьте першим, хто поставить тег для цього запису!
|
MARC
| LEADER | 00000ngm^a2200000^a^4500 | ||
|---|---|---|---|
| 001 | 000287904 | ||
| 005 | 20251020000000.0 | ||
| 009 | 20260310111852.244 | ||
| 020 | |a 1-934121-68-1 | ||
| 037 | |a Acervo ITESO - Biblioteca | ||
| 041 | |a ING | ||
| 082 | |a 808. 8 |b CRI V. 396 T. 2 | ||
| 240 | 1 | 1 | |a [Ace in the Hole] |
| 245 | 0 | 0 | |a Ace in the Hole : |b The Supplements / |
| 246 | 2 | |a Título en México: no conocido/no identificado | |
| 246 | 2 | |a Título alternativo en español: no conocido/no identificado | |
| 250 | |a Edición especial | ||
| 264 | 1 | |a Francia : |b Action Films ; |a Nueva York, EUA : |b Criterion Collection, |c 1980-2007 | |
| 264 | 2 | |a Nueva York, EUA : |b Criterion Collection [distribución], |c 2007, c2007 | |
| 300 | |a 1 DVD región 1 (112 min.) : |b color + |e 1 folleto (4 p.) | ||
| 336 | |a imagen móvil bidimensional |b tdi |2 rdacontenido | ||
| 337 | |a video |b v |2 rdamedio | ||
| 338 | |a videodisco |b vd |2 rdasoporte | ||
| 440 | 1 | |a (Criterion Collection ; |v 396/2) | |
| 545 | 0 | |a Billy Wilder (Sucha, Imperio Austro-Húngaro [hoy Polonia], 1906 – Los Angeles, 2002), uno de los grandes creadores de la historia del cine mundial. El austríaco, quien nació en el seno de una familia judía, inició su trayectoria cinematográfica como guionista en 1929 y codirigió la producción francesa Mauvaise graine (1934) durante su refugio en París, pero el avance de las fuerzas de Hitler le llevó a Hollywood, donde escribió guiones filmados por directores de la talla de Ernst Lubitsch y debió aguardar hasta 1942 para regresar a la realización. Es recordado por numerosos cinéfilos de todo el mundo debido a Una Eva y dos Adanes (1959), película que ha sido calificada como la mejor comedia fílmica de la historia, y está detrás de la célebre imagen de Marilyn Monroe parada sobre un respiradero en Comezón del séptimo año (1955), pero nada más lejos que situarle como especialista o artesano de un solo género. Pacto de sangre (1944), El ocaso de una vida (1950), Sabrina (1954), Piso de soltero/Apartamento de soltero (1960), Irma la Douce (1963) y Fedora (1978) son ejemplos de la filmografía de un autor sin par en su versatilidad, quien hizo de los distintos géneros cinematográficos el vehículo para una plena expresión personal. | |
| 649 | |a XX | ||
| 650 | |a Cineastas Austríacos - |x Entrevistas | ||
| 650 | |a Actores Norteamericanos - |x Entrevistas | ||
| 650 | |a Guionistas Norteamericanos - |x Entrevistas | ||
| 650 | |a Documentales | ||
| 650 | |a Cortometrajes y Mediometrajes Franceses | ||
| 650 | |a Cine de Mujeres - |z Francia | ||
| 650 | |a Cine Norteamericano - |x Historia y Crítica | ||
| 650 | |a Cine Norteamericano - |y Siglo XX | ||
| 650 | |a Cine Francés - |y 1980-1989 | ||
| 650 | |a Cine Francés - |y Siglo XX | ||
| 650 | |a Lemmon, Jack | ||
| 650 | |a Matthau, Walter | ||
| 650 | |a Newman, Walter | ||
| 650 | |a Wilder, Billy - |x Tema Principal | ||
| 600 | |a Douglas, Kirk | ||
| 740 | 0 | |a Portrait of a 60 % Perfect Man : |b Billy Wilder / |c B. Wilder ; entrevistado por M. Ciment ; realización de A. Tresgot, M. Ciment. | |
| 740 | 0 | |a Spike Lee Afterword / |c Epílogo de S. Lee. | |
| 740 | 0 | |a Noir in Broad Daylight / |c Texto del folleto de M. Haskell. | |
| 740 | 0 | |a Chin up for Mother / |c Texto del folleto de G. Madddin. | |
| 700 | |a Ciment, Michel |e (entrevista) | ||
| 700 | |a Tresgot, Annie |e (realización) | ||
| 700 | |a Ciment, Michel |e (realización) | ||
| 700 | |a Graver, Gary |e (fotógrafo) | ||
| 700 | |a Ceppi, François |e (montaje) | ||
| 700 | |a Stevens, George, |c hijo |e (entrevista) | ||
| 700 | |a Douglas, Kirk |e (autor) | ||
| 700 | |a Thomas, Michael |e (entrevista) | ||
| 700 | |a Newman, Walter |e (autor) | ||
| 700 | |a Nogueira, Rui |e (entrevista) | ||
| 700 | |a Lee, Spike |e (epílogo) | ||
| 700 | |a Isabell, Michael |e (fotógrafo) | ||
| 700 | |a Ramey, Chris |e (montaje) | ||
| 700 | |a Haskell, Molly |e (texto del folleto) | ||
| 700 | |a Maddin, Guy |e (texto del folleto) | ||
| 910 | |a Fondo General | ||
| 920 | |a Audiovisuales - DVDs | ||
| 940 | |a Películas | ||
| 905 | |a 308 | ||
| 901 | |a 0500173890 |b IT2 |c DVR |u 20250521 | ||
| 901 | |a 0500173888 |b IT2 |c MIN |u 20251020 | ||
| 902 | |a https://opac.biblio.iteso.mx/vufind/Record/000287904 | ||